Zgadnij Kraj Po Ludności - Statystyki

Ogólne statystyki
  • Ten quiz został rozwiązany 129 razy
  • Średni wynik to 4 z 10
Statystyki odpowiedzi
Ludność Kraj % Poprawnych
142 914 136 Rosja
89%
38 200 037 Polska
81%
62 222 000 Wielka Brytania
47%
242 968 342 Indonezja
46%
154 729 000 Nigeria
43%
86 024 600 Wietnam
30%
92 681 000 Filipiny
28%
50 062 000 Korea Południowa
28%
9 331 523 Szwecja
24%
12 373 Tuvalu
17%
Nie znaleziono quizów pasujących do podanych kryteriów
Rozkład punktacji
Procent ludzi z każdym wynikiem
Percentyl według liczby udzielonych odpowiedzi
Twoja historia wyników
Nie rozwiązałeś tego quizu